[Event "WCO 2016"]
[Site "?"]
[Date "2016.09.13"]
[Round "11"]
[Board "4"]
[WhiteID "407496"]
[White "Bhatia Kanwal K"]
[BlackID "5804566"]
[Black "Hng Mei-En Emmanuelle"]
[Result "0-1"]
[BlackElo "1883"]
[WhiteElo "2133"]
[LiveChessVersion "1.4.8"]

1. e4 {[%clk 1:30:57]} c5 {[%clk 1:30:41]} 2. c3 {[%clk 1:31:23]} e6
{[%clk 1:30:40]} 3. d4 {[%clk 1:31:47]} Nf6 {[%clk 1:30:21]} 4. e5
{[%clk 1:31:26]} Nd5 {[%clk 1:29:29]} 5. Nf3 {[%clk 1:29:19]} Nc6
{[%clk 1:28:25]} 6. c4 {[%clk 1:28:29]} Ndb4 {[%clk 1:24:15]} 7. d5
{[%clk 1:25:53]} exd5 {[%clk 1:21:35]} 8. cxd5 {[%clk 1:26:15]} Nd4
{[%clk 1:21:43]} 9. Nxd4 {[%clk 1:25:47]} cxd4 {[%clk 1:21:49]} 10. Bc4
{[%clk 1:25:12]} Qc7 {[%clk 1:18:34]} 11. Qe2 {[%clk 1:22:01]} d3
{[%clk 1:07:37]} 12. Qe4 {[%clk 1:21:53]} b5 {[%clk 1:07:25]} 13. Na3
{[%clk 1:18:15]} Nc2+ {[%clk 0:59:49]} 14. Nxc2 {[%clk 1:18:06]} Qxc4
{[%clk 1:00:04]} 15. Qxc4 {[%clk 1:17:56]} bxc4 {[%clk 1:00:27]} 16. Ne3
{[%clk 1:17:28]} Bb7 {[%clk 0:57:45]} 17. d6 {[%clk 1:16:32]} Rc8
{[%clk 0:54:04]} 18. Bd2 {[%clk 1:16:14]} f6 {[%clk 0:51:37]} 19. f4
{[%clk 1:14:41]} g5 {[%clk 0:47:50]} 20. Ng4 {[%clk 1:12:29]} gxf4
{[%clk 0:45:13]} 21. Bxf4 {[%clk 1:10:04]} Kf7 {[%clk 0:41:25]} 22. O-O
{[%clk 1:09:23]} Rg8 {[%clk 0:35:36]} 23. Ne3 {[%clk 1:03:28]} fxe5
{[%clk 0:32:32]} 24. Bg5+ {[%clk 0:54:58]} Ke8 {[%clk 0:28:37]} 25. Rxf8+
{[%clk 0:44:51]} Rxf8 {[%clk 0:23:26]} 26. Ng4 {[%clk 0:35:08]} Rf5
{[%clk 0:20:15]} 27. h4 {[%clk 0:30:38]} c3 {[%clk 0:15:56]} 28. bxc3
{[%clk 0:30:27]} Rxc3 {[%clk 0:16:00]} 29. Ne3 {[%clk 0:22:23]} Rxg5
{[%clk 0:13:24]} 30. hxg5 {[%clk 0:22:28]} d2 {[%clk 0:13:48]} 31. Rd1
{[%clk 0:21:16]} Rxe3 {[%clk 0:14:08]} 32. Rxd2 {[%clk 0:21:44]} Rg3
{[%clk 0:13:50]} 33. Rb2 {[%clk 0:21:45]} Bc6 {[%clk 0:13:58]} 0-1

[Event "WCO 2016"]
[Site "?"]
[Date "2016.09.13"]
[Round "11"]
[Board "1"]
[WhiteID "15002594"]
[White "Stojkovska Monika"]
[BlackID "13403710"]
[Black "Mammadova Narmin"]
[Result "0-1"]
[BlackElo "2230"]
[WhiteElo "2033"]
[LiveChessVersion "1.4.8"]

1. e4 {[%clk 1:30:55]} c6 {[%clk 1:30:52]} 2. d4 {[%clk 1:31:20]} d5
{[%clk 1:31:19]} 3. exd5 {[%clk 1:31:39]} cxd5 {[%clk 1:31:45]} 4. c4
{[%clk 1:32:01]} Nf6 {[%clk 1:32:09]} 5. Nc3 {[%clk 1:32:26]} e6 {[%clk 1:32:35]}
6. c5 {[%clk 1:32:46]} Be7 {[%clk 1:32:43]} 7. Qc2 {[%clk 1:32:57]} O-O
{[%clk 1:32:23]} 8. Nf3 {[%clk 1:32:48]} b6 {[%clk 1:31:48]} 9. b4
{[%clk 1:32:11]} a5 {[%clk 1:28:29]} 10. Na4 {[%clk 1:31:14]} bxc5
{[%clk 1:18:26]} 11. bxc5 {[%clk 1:29:04]} Ba6 {[%clk 1:17:30]} 12. Bxa6
{[%clk 1:22:25]} Rxa6 {[%clk 1:17:52]} 13. O-O {[%clk 1:22:26]} Nc6
{[%clk 1:17:48]} 14. Qe2 {[%clk 1:18:01]} Ra7 {[%clk 1:12:25]} 15. Bf4
{[%clk 1:14:23]} Ne4 {[%clk 1:10:10]} 16. Rab1 {[%clk 0:58:28]} Qe8
{[%clk 1:06:00]} 17. Rb5 {[%clk 0:53:20]} g5 {[%clk 0:59:18]} 18. Be3
{[%clk 0:44:10]} f5 {[%clk 0:57:18]} 19. Ne5 {[%clk 0:41:27]} Nxe5
{[%clk 0:55:28]} 20. dxe5 {[%clk 0:39:24]} f4 {[%clk 0:51:28]} 21. f3
{[%clk 0:23:30]} fxe3 {[%clk 0:50:06]} 22. fxe4 {[%clk 0:23:30]} Rxf1+
{[%clk 0:49:32]} 23. Qxf1 {[%clk 0:23:29]} d4 {[%clk 0:48:57]} 24. Nb2
{[%clk 0:20:15]} Bf8 {[%clk 0:48:08]} 25. a4 {[%clk 0:16:00]} Qh5
{[%clk 0:43:51]} 26. Qf3 {[%clk 0:11:20]} e2 {[%clk 0:43:40]} 27. Nd3
{[%clk 0:08:21]} Rf7 {[%clk 0:44:01]} 28. Qxf7+ {[%clk 0:08:10]} Qxf7
{[%clk 0:44:06]} 29. Rb1 {[%clk 0:08:36]} Qd7 {[%clk 0:43:28]} 0-1

[Event "WCO 2016"]
[Site "?"]
[Date "2016.09.13"]
[Round "11"]
[Board "2"]
[WhiteID "13406396"]
[White "Balajayeva Khanim"]
[BlackID "15000141"]
[Black "Bejatovic Bojana"]
[Result "1-0"]
[BlackElo "2063"]
[WhiteElo "2147"]
[LiveChessVersion "1.4.8"]

1. e4 {[%clk 1:30:58]} Nf6 {[%clk 1:30:55]} 2. e5 {[%clk 1:31:22]} Nd5
{[%clk 1:31:21]} 3. d4 {[%clk 1:31:44]} d6 {[%clk 1:31:48]} 4. c4
{[%clk 1:32:07]} Nb6 {[%clk 1:32:13]} 5. exd6 {[%clk 1:32:29]} exd6
{[%clk 1:32:39]} 6. Nc3 {[%clk 1:32:49]} Be7 {[%clk 1:32:55]} 7. Bd3
{[%clk 1:32:56]} Nc6 {[%clk 1:33:14]} 8. Nge2 {[%clk 1:32:51]} Bf6
{[%clk 1:33:10]} 9. Be3 {[%clk 1:29:01]} O-O {[%clk 1:33:00]} 10. b3
{[%clk 1:27:31]} Re8 {[%clk 1:32:56]} 11. O-O {[%clk 1:23:32]} Bg4
{[%clk 1:31:27]} 12. Qd2 {[%clk 1:23:54]} d5 {[%clk 1:28:39]} 13. c5
{[%clk 1:19:38]} Nc8 {[%clk 1:28:55]} 14. f3 {[%clk 1:11:49]} Be6
{[%clk 1:28:45]} 15. g4 {[%clk 0:55:14]} h6 {[%clk 1:28:06]} 16. Rad1
{[%clk 0:54:33]} b6 {[%clk 1:22:30]} 17. cxb6 {[%clk 0:44:01]} axb6
{[%clk 1:21:01]} 18. Bb1 {[%clk 0:44:18]} N8e7 {[%clk 1:08:03]} 19. Nf4
{[%clk 0:43:15]} Qd7 {[%clk 1:07:28]} 20. Nh5 {[%clk 0:38:49]} Ng6
{[%clk 1:00:52]} 21. Nxf6+ {[%clk 0:37:57]} gxf6 {[%clk 1:01:21]} 22. Bxh6
{[%clk 0:37:55]} Nce7 {[%clk 0:50:30]} 23. Ne2 {[%clk 0:36:26]} Kh7
{[%clk 0:48:41]} 24. Ng3 {[%clk 0:35:05]} Ng8 {[%clk 0:47:25]} 25. Be3
{[%clk 0:32:02]} Kg7 {[%clk 0:43:28]} 26. Rde1 {[%clk 0:31:14]} Re7
{[%clk 0:37:01]} 27. h4 {[%clk 0:21:24]} Nxh4 {[%clk 0:30:53]} 28. Bh6+
{[%clk 0:21:03]} Kh8 {[%clk 0:30:36]} 29. Qh2 {[%clk 0:21:04]} Nxh6
{[%clk 0:29:28]} 30. Qxh4 {[%clk 0:21:29]} Kg7 {[%clk 0:28:32]} 31. Nh5+
{[%clk 0:21:51]} Kf8 {[%clk 0:28:49]} 32. Nxf6 {[%clk 0:22:13]} 1-0

[Event "WCO 2016"]
[Site "?"]
[Date "2016.09.13"]
[Round "11"]
[Board "3"]
[WhiteID "15000133"]
[White "Nikolovska Dragana"]
[BlackID "13413015"]
[Black "Beydullayeva Govhar"]
[Result "0-1"]
[BlackElo "1994"]
[WhiteElo "1886"]
[LiveChessVersion "1.4.8"]

1. e4 {[%clk 1:30:55]} e6 {[%clk 1:30:54]} 2. d4 {[%clk 1:31:19]} d5
{[%clk 1:31:17]} 3. Nd2 {[%clk 1:31:39]} Nf6 {[%clk 1:31:33]} 4. e5
{[%clk 1:32:00]} Nfd7 {[%clk 1:31:54]} 5. Bd3 {[%clk 1:32:18]} c5
{[%clk 1:32:06]} 6. c3 {[%clk 1:32:35]} Nc6 {[%clk 1:32:22]} 7. Ngf3
{[%clk 1:32:51]} g6 {[%clk 1:32:18]} 8. h4 {[%clk 1:30:29]} Qb6 {[%clk 1:31:27]}
9. h5 {[%clk 1:21:07]} Rg8 {[%clk 1:27:03]} 10. hxg6 {[%clk 0:56:38]} hxg6
{[%clk 1:27:27]} 11. Kf1 {[%clk 0:41:39]} cxd4 {[%clk 1:19:13]} 12. cxd4
{[%clk 0:42:03]} Nxd4 {[%clk 1:19:02]} 13. Nxd4 {[%clk 0:42:11]} Qxd4
{[%clk 1:19:27]} 14. Nf3 {[%clk 0:42:28]} Qb6 {[%clk 1:17:26]} 15. Qa4
{[%clk 0:40:18]} Qb4 {[%clk 1:13:59]} 16. Qc2 {[%clk 0:40:19]} Be7
{[%clk 1:01:16]} 17. a3 {[%clk 0:36:40]} Qc5 {[%clk 0:56:45]} 18. Qa4
{[%clk 0:36:36]} a6 {[%clk 0:51:22]} 19. Be3 {[%clk 0:35:30]} Qc6
{[%clk 0:42:38]} 20. Qf4 {[%clk 0:34:22]} g5 {[%clk 0:37:01]} 21. Qg4
{[%clk 0:33:14]} Nc5 {[%clk 0:20:18]} 22. Be2 {[%clk 0:26:45]} Qa4
{[%clk 0:11:02]} 23. Qh5 {[%clk 0:21:21]} Ne4 {[%clk 0:09:57]} 24. Qh7
{[%clk 0:20:39]} Rf8 {[%clk 0:08:28]} 25. Rc1 {[%clk 0:19:37]} Bd7
{[%clk 0:06:30]} 26. Rh5 {[%clk 0:15:31]} Qb3 {[%clk 0:04:48]} 27. Nxg5
{[%clk 0:11:23]} Ng3+ {[%clk 0:02:22]} 28. fxg3 {[%clk 0:06:21]} Qxe3
{[%clk 0:02:40]} 29. Rc3 {[%clk 0:06:27]} Qxe5 {[%clk 0:01:24]} 30. Nh3
{[%clk 0:04:47]} Qd4 {[%clk 0:01:02]} 31. Rb3 {[%clk 0:01:06]} Bc6
{[%clk 0:01:12]} 32. Rh6 {[%clk 0:00:47]} O-O-O {[%clk 0:00:42]} 33. Qc2
{[%clk 0:00:42]} Kc7 {[%clk 0:00:40]} 34. Rc3 {[%clk 0:00:46]} Qb6
{[%clk 0:00:43]} 35. Nf2 {[%clk 0:00:43]} d4 {[%clk 0:00:51]} 36. Rb3
{[%clk 0:00:39]} Qc5 {[%clk 0:01:15]} 37. Qxc5 {[%clk 0:00:32]} Bxc5
{[%clk 0:01:42]} 38. Nd3 {[%clk 0:00:48]} Bd6 {[%clk 0:02:01]} 39. Kf2
{[%clk 0:00:36]} e5 {[%clk 0:02:18]} 40. Nb4 {[%clk 0:30:34]} Bxb4
{[%clk 0:32:06]} 41. axb4 {[%clk 0:28:30]} e4 {[%clk 0:30:19]} 42. b5
{[%clk 0:26:38]} e3+ {[%clk 0:30:11]} 0-1

[Event "WCO 2016"]
[Site "?"]
[Date "2016.09.13"]
[Round "11"]
[Board "4"]
[WhiteID "13412590"]
[White "Allahverdiyeva Ayan"]
[BlackID "15003590"]
[Black "Manova Ivana"]
[Result "1-0"]
[BlackElo "1724"]
[WhiteElo "1780"]
[LiveChessVersion "1.4.8"]

1. e4 {[%clk 1:30:57]} e5 {[%clk 1:30:52]} 2. Nf3 {[%clk 1:29:44]} Nc6
{[%clk 1:31:15]} 3. Bb5 {[%clk 1:29:58]} a6 {[%clk 1:31:27]} 4. Ba4
{[%clk 1:30:23]} Nf6 {[%clk 1:31:47]} 5. O-O {[%clk 1:30:34]} Be7
{[%clk 1:31:50]} 6. Re1 {[%clk 1:30:53]} b5 {[%clk 1:32:07]} 7. Bb3
{[%clk 1:31:17]} O-O {[%clk 1:32:12]} 8. c3 {[%clk 1:31:39]} d5 {[%clk 1:32:22]}
9. exd5 {[%clk 1:30:36]} Nxd5 {[%clk 1:32:46]} 10. Nxe5 {[%clk 1:29:42]} Nxe5
{[%clk 1:33:08]} 11. Rxe5 {[%clk 1:30:09]} c6 {[%clk 1:32:58]} 12. d4
{[%clk 1:22:46]} Bd6 {[%clk 1:32:49]} 13. Re1 {[%clk 1:22:03]} Qh4
{[%clk 1:32:52]} 14. g3 {[%clk 1:22:09]} Qh3 {[%clk 1:32:46]} 15. Re4
{[%clk 1:20:50]} g5 {[%clk 1:31:25]} 16. Qf1 {[%clk 1:15:40]} Qh5
{[%clk 1:26:49]} 17. Bd1 {[%clk 1:15:27]} Qg6 {[%clk 1:24:59]} 18. Re1
{[%clk 1:10:31]} Bf5 {[%clk 1:04:50]} 19. Nd2 {[%clk 1:10:03]} Rae8
{[%clk 0:57:44]} 20. Nf3 {[%clk 1:03:21]} h6 {[%clk 0:41:14]} 21. a4
{[%clk 0:56:37]} Bd3 {[%clk 0:30:51]} 22. Be2 {[%clk 0:56:49]} Bxe2
{[%clk 0:21:06]} 23. Rxe2 {[%clk 0:57:12]} f5 {[%clk 0:19:18]} 24. axb5
{[%clk 0:56:49]} axb5 {[%clk 0:19:41]} 25. Rxe8 {[%clk 0:56:33]} Qxe8
{[%clk 0:18:42]} 26. Bd2 {[%clk 0:53:10]} Qe4 {[%clk 0:18:32]} 27. Qg2
{[%clk 0:51:54]} Qc2 {[%clk 0:18:09]} 28. Qh3 {[%clk 0:51:44]} Rf6
{[%clk 0:09:08]} 29. Qh5 {[%clk 0:39:26]} Kg7 {[%clk 0:05:43]} 30. Ra8
{[%clk 0:34:03]} Nc7 {[%clk 0:05:27]} 31. Rd8 {[%clk 0:31:53]} g4
{[%clk 0:02:53]} 32. Bxh6+ {[%clk 0:29:03]} Kh7 {[%clk 0:00:40]} 33. Bf4+
{[%clk 0:29:25]} Kg7 {[%clk 0:00:35]} 34. Qh8+ {[%clk 0:29:11]} Kf7
{[%clk 0:00:31]} 35. Qg8+ {[%clk 0:29:37]} Ke7 {[%clk 0:00:46]} 36. Bxd6+
{[%clk 0:30:01]} Rxd6 {[%clk 0:00:41]} 37. Qf8+ {[%clk 0:30:25]} 1-0

[Event "WCO 2016"]
[Site "?"]
[Date "2016.09.13"]
[Round "11"]
[Board "5"]
[WhiteID "7901798"]
[White "Latreche Sabrina"]
[BlackID "4132190"]
[Black "Zimina Olga"]
[Result "0-1"]
[BlackElo "2389"]
[WhiteElo "2059"]
[LiveChessVersion "1.4.8"]

1. e4 {[%clk 1:30:50]} e5 {[%clk 1:30:35]} 2. Nf3 {[%clk 1:31:09]} Nc6
{[%clk 1:31:00]} 3. Bc4 {[%clk 1:31:23]} Nf6 {[%clk 1:30:58]} 4. d3
{[%clk 1:31:08]} Bc5 {[%clk 1:31:22]} 5. c3 {[%clk 1:31:04]} O-O {[%clk 1:31:45]}
6. Bb3 {[%clk 1:31:16]} d5 {[%clk 1:32:01]} 7. Qe2 {[%clk 1:31:18]} a5
{[%clk 1:31:40]} 8. Bg5 {[%clk 1:28:26]} d4 {[%clk 1:24:24]} 9. Ba4
{[%clk 1:22:39]} Bg4 {[%clk 1:13:37]} 10. h3 {[%clk 1:19:54]} Bxf3
{[%clk 1:13:57]} 11. Qxf3 {[%clk 1:20:12]} Ra6 {[%clk 1:13:53]} 12. Qg3
{[%clk 1:14:15]} Be7 {[%clk 1:02:36]} 13. Nd2 {[%clk 0:56:27]} Nh5
{[%clk 0:57:57]} 14. Bxe7 {[%clk 0:55:03]} Qxe7 {[%clk 0:58:12]} 15. Qf3
{[%clk 0:54:29]} Nf4 {[%clk 0:54:04]} 16. g3 {[%clk 0:47:51]} Ne6
{[%clk 0:51:16]} 17. Bb5 {[%clk 0:37:30]} dxc3 {[%clk 0:51:20]} 18. bxc3
{[%clk 0:28:50]} Ncd4 {[%clk 0:51:01]} 19. cxd4 {[%clk 0:26:18]} Nxd4
{[%clk 0:51:26]} 20. Bxa6 {[%clk 0:24:58]} Nxf3+ {[%clk 0:51:43]} 21. Nxf3
{[%clk 0:25:23]} Qb4+ {[%clk 0:47:14]} 22. Ke2 {[%clk 0:22:01]} bxa6
{[%clk 0:43:01]} 23. Rhc1 {[%clk 0:18:43]} f5 {[%clk 0:37:24]} 24. Nd2
{[%clk 0:07:59]} f4 {[%clk 0:37:37]} 25. Rxc7 {[%clk 0:05:27]} f3+
{[%clk 0:33:35]} 26. Ke1 {[%clk 0:05:14]} Qd4 {[%clk 0:33:20]} 27. Nb3
{[%clk 0:01:39]} Qxd3 {[%clk 0:28:08]} 28. Nc1 {[%clk 0:01:56]} Qxe4+
{[%clk 0:28:04]} 29. Kf1 {[%clk 0:02:18]} Rd8 {[%clk 0:28:09]} 30. Nb3
{[%clk 0:02:37]} Qe2+ {[%clk 0:28:21]} 31. Kg1 {[%clk 0:03:02]} Rd1+
{[%clk 0:28:38]} 32. Rxd1 {[%clk 0:03:27]} Qxd1+ {[%clk 0:29:03]} 33. Kh2
{[%clk 0:03:53]} Qf1 {[%clk 0:29:29]} 0-1

[Event "WCO 2016"]
[Site "?"]
[Date "2016.09.13"]
[Round "11"]
[Board "6"]
[WhiteID "822590"]
[White "Brunello Marina"]
[BlackID "7900970"]
[Black "Mezioud Amina"]
[Result "1-0"]
[BlackElo "2043"]
[WhiteElo "2376"]
[LiveChessVersion "1.4.8"]

1. e4 {[%clk 1:30:58]} d6 {[%clk 1:30:36]} 2. d4 {[%clk 1:31:20]} Nf6
{[%clk 1:31:00]} 3. Nc3 {[%clk 1:31:46]} g6 {[%clk 1:31:24]} 4. Be3
{[%clk 1:32:05]} Bg7 {[%clk 1:31:47]} 5. Qd2 {[%clk 1:32:11]} O-O
{[%clk 1:29:18]} 6. f3 {[%clk 1:31:04]} c6 {[%clk 1:28:51]} 7. h4
{[%clk 1:31:18]} e5 {[%clk 1:23:22]} 8. g4 {[%clk 1:28:26]} h5 {[%clk 1:16:44]}
9. gxh5 {[%clk 1:24:57]} Nxh5 {[%clk 1:15:46]} 10. Nge2 {[%clk 1:25:21]} b5
{[%clk 1:12:31]} 11. Bh6 {[%clk 1:20:23]} b4 {[%clk 1:03:14]} 12. Nd1
{[%clk 1:20:01]} c5 {[%clk 1:02:35]} 13. d5 {[%clk 1:17:13]} Nd7 {[%clk 0:58:35]}
14. Bxg7 {[%clk 1:16:13]} Kxg7 {[%clk 0:58:19]} 15. Ne3 {[%clk 1:16:36]} Ndf6
{[%clk 0:56:11]} 16. O-O-O {[%clk 1:12:03]} Rh8 {[%clk 0:53:06]} 17. Bh3
{[%clk 1:10:46]} Bxh3 {[%clk 0:52:37]} 18. Rxh3 {[%clk 1:11:13]} Rb8
{[%clk 0:49:28]} 19. Nc4 {[%clk 1:04:43]} Qc8 {[%clk 0:47:27]} 20. Rhh1
{[%clk 1:03:23]} Qa6 {[%clk 0:47:35]} 21. Qd3 {[%clk 1:03:24]} Qxa2
{[%clk 0:30:53]} 22. Kd2 {[%clk 1:03:09]} Qa4 {[%clk 0:28:30]} 23. Nxd6
{[%clk 1:03:10]} b3 {[%clk 0:26:54]} 24. c3 {[%clk 1:02:51]} Rhd8
{[%clk 0:18:45]} 25. Nc4 {[%clk 1:02:33]} Qe8 {[%clk 0:19:05]} 26. Ra1
{[%clk 1:02:02]} Rd7 {[%clk 0:14:08]} 27. Ra6 {[%clk 0:59:29]} Rbd8
{[%clk 0:14:21]} 28. Kc1 {[%clk 0:59:37]} Nxd5 {[%clk 0:14:12]} 29. exd5
{[%clk 0:57:55]} Rxd5 {[%clk 0:14:36]} 30. Qe4 {[%clk 0:56:58]} Nf6
{[%clk 0:11:56]} 31. Rxf6 {[%clk 0:49:01]} Kxf6 {[%clk 0:12:21]} 32. Ne3
{[%clk 0:48:55]} Rd2 {[%clk 0:09:21]} 33. h5 {[%clk 0:47:48]} Qe6
{[%clk 0:06:49]} 34. hxg6 {[%clk 0:46:14]} fxg6 {[%clk 0:05:01]} 35. Rh7
{[%clk 0:44:57]} Qf5 {[%clk 0:03:53]} 36. Ng3 {[%clk 0:35:43]} Qf4
{[%clk 0:02:59]} 37. Qxf4+ {[%clk 0:34:51]} exf4 {[%clk 0:03:11]} 38. Ne4+
{[%clk 0:35:12]} Ke6 {[%clk 0:03:18]} 39. Nxc5+ {[%clk 0:34:44]} Kd6
{[%clk 0:02:32]} 40. Nc4+ {[%clk 1:03:45]} Kxc5 {[%clk 0:32:55]} 41. Nxd2
{[%clk 1:04:02]} Re8 {[%clk 0:31:25]} 42. Nxb3+ {[%clk 1:04:15]} Kc4
{[%clk 0:31:50]} 43. Kc2 {[%clk 1:04:43]} 1-0

[Event "WCO 2016"]
[Site "?"]
[Date "2016.09.13"]
[Round "11"]
[Board "7"]
[WhiteID "7900880"]
[White "Abdi Zineb Dina"]
[BlackID "873349"]
[Black "Movileanu Daniela"]
[Result "0-1"]
[BlackElo "2268"]
[WhiteElo "1953"]
[LiveChessVersion "1.4.8"]

1. e4 {[%clk 1:30:10]} c5 {[%clk 1:30:52]} 2. Nf3 {[%clk 1:30:35]} d6
{[%clk 1:30:55]} 3. c4 {[%clk 1:30:38]} e5 {[%clk 1:31:02]} 4. d3
{[%clk 1:30:18]} g6 {[%clk 1:31:13]} 5. Be2 {[%clk 1:29:42]} Bg7 {[%clk 1:31:33]}
6. Nc3 {[%clk 1:29:25]} Ne7 {[%clk 1:31:32]} 7. O-O {[%clk 1:28:16]} O-O
{[%clk 1:31:49]} 8. Ne1 {[%clk 1:27:09]} f5 {[%clk 1:29:49]} 9. f4
{[%clk 1:24:40]} Nbc6 {[%clk 1:29:02]} 10. Rb1 {[%clk 1:21:47]} h6
{[%clk 1:25:56]} 11. a3 {[%clk 1:19:53]} Kh7 {[%clk 1:21:12]} 12. Nd5
{[%clk 1:10:57]} a5 {[%clk 1:18:35]} 13. Nc2 {[%clk 1:04:57]} a4 {[%clk 1:10:26]}
14. Qe1 {[%clk 1:02:49]} Nd4 {[%clk 0:56:10]} 15. Nxd4 {[%clk 1:00:38]} exd4
{[%clk 0:56:30]} 16. Qh4 {[%clk 0:56:33]} Nxd5 {[%clk 0:50:45]} 17. Qxd8
{[%clk 0:56:50]} Rxd8 {[%clk 0:51:07]} 18. exd5 {[%clk 0:56:53]} b5
{[%clk 0:50:28]} 19. b4 {[%clk 0:49:58]} axb3 {[%clk 0:45:46]} 20. cxb5
{[%clk 0:49:22]} Bd7 {[%clk 0:45:07]} 21. Rxb3 {[%clk 0:49:00]} Rdb8
{[%clk 0:44:55]} 22. Bd2 {[%clk 0:42:36]} Rxb5 {[%clk 0:45:13]} 23. Rfb1
{[%clk 0:42:52]} Rab8 {[%clk 0:37:34]} 24. Rxb5 {[%clk 0:42:26]} Rxb5
{[%clk 0:38:00]} 25. Rxb5 {[%clk 0:42:46]} Bxb5 {[%clk 0:38:28]} 26. Ba5
{[%clk 0:42:25]} Kg8 {[%clk 0:35:12]} 27. Bc7 {[%clk 0:41:44]} Bf8
{[%clk 0:35:22]} 28. Kf2 {[%clk 0:41:56]} Kf7 {[%clk 0:35:26]} 29. Ke1
{[%clk 0:40:23]} Ke7 {[%clk 0:35:00]} 30. Kd2 {[%clk 0:39:55]} Kd7
{[%clk 0:31:28]} 31. Ba5 {[%clk 0:39:14]} Be7 {[%clk 0:28:37]} 32. Kc2
{[%clk 0:38:06]} Ba4+ {[%clk 0:21:19]} 33. Kc1 {[%clk 0:36:33]} Bf6
{[%clk 0:14:11]} 34. Bd1 {[%clk 0:30:04]} Bb5 {[%clk 0:13:51]} 35. Be2
{[%clk 0:29:47]} g5 {[%clk 0:12:58]} 36. Bd2 {[%clk 0:25:44]} Ba6
{[%clk 0:12:07]} 37. g3 {[%clk 0:24:23]} g4 {[%clk 0:09:23]} 38. Bf1
{[%clk 0:24:15]} Kc7 {[%clk 0:07:15]} 39. Ba5+ {[%clk 0:23:14]} Kc8
{[%clk 0:07:40]} 40. Kc2 {[%clk 0:52:22]} Bd8 {[%clk 0:37:26]} 41. Bd2
{[%clk 0:50:18]} Bb7 {[%clk 0:36:33]} 42. Bg2 {[%clk 0:50:41]} Kb8
{[%clk 0:36:35]} 43. Kb3 {[%clk 0:49:24]} Ka7 {[%clk 0:36:59]} 44. Ka4
{[%clk 0:42:59]} Ka6 {[%clk 0:36:34]} 45. Be1 {[%clk 0:40:55]} h5
{[%clk 0:36:37]} 46. Bh1 {[%clk 0:32:59]} Bc8 {[%clk 0:36:27]} 47. Bg2
{[%clk 0:31:57]} Bd7+ {[%clk 0:36:38]} 48. Kb3 {[%clk 0:32:22]} Ba5
{[%clk 0:36:02]} 49. Bf2 {[%clk 0:26:33]} Bc3 {[%clk 0:35:29]} 50. h3
{[%clk 0:24:15]} Ka5 {[%clk 0:35:43]} 51. hxg4 {[%clk 0:23:46]} hxg4
{[%clk 0:36:07]} 52. Bf1 {[%clk 0:23:01]} Ba4+ {[%clk 0:36:21]} 53. Ka2
{[%clk 0:21:09]} Bd1 {[%clk 0:36:35]} 54. Kb1 {[%clk 0:20:11]} Bf3
{[%clk 0:36:56]} 55. Kc2 {[%clk 0:19:03]} Ka4 {[%clk 0:36:48]} 56. Bg1
{[%clk 0:17:05]} Be1 {[%clk 0:36:23]} 57. Bh2 {[%clk 0:17:27]} Kxa3
{[%clk 0:36:33]} 0-1

[Event "WCO 2016"]
[Site "?"]
[Date "2016.09.13"]
[Round "11"]
[Board "8"]
[WhiteID "875813"]
[White "Di Benedetto Desiree"]
[BlackID "7901631"]
[Black "Toubal Hayat"]
[Result "1/2-1/2"]
[BlackElo "1921"]
[WhiteElo "2183"]
[LiveChessVersion "1.4.8"]

1. Nf3 {[%clk 1:30:51]} d5 {[%clk 1:29:55]} 2. c4 {[%clk 1:31:07]} c6
{[%clk 1:29:59]} 3. e3 {[%clk 1:31:30]} Nf6 {[%clk 1:30:10]} 4. Nc3
{[%clk 1:31:31]} e6 {[%clk 1:28:11]} 5. b3 {[%clk 1:31:50]} Bd6 {[%clk 1:26:45]}
6. Bb2 {[%clk 1:30:47]} Nbd7 {[%clk 1:26:26]} 7. Qc2 {[%clk 1:27:30]} Qe7
{[%clk 1:25:29]} 8. Be2 {[%clk 1:24:54]} Ba3 {[%clk 1:23:02]} 9. Bxa3
{[%clk 1:21:56]} Qxa3 {[%clk 1:23:23]} 10. O-O {[%clk 1:19:21]} O-O
{[%clk 1:22:36]} 11. e4 {[%clk 1:07:57]} dxe4 {[%clk 1:16:58]} 12. Nxe4
{[%clk 1:06:15]} Nxe4 {[%clk 1:17:07]} 13. Qxe4 {[%clk 1:06:39]} Nf6
{[%clk 1:17:18]} 14. Qh4 {[%clk 0:58:14]} Qd6 {[%clk 1:15:23]} 15. d4
{[%clk 0:54:52]} b6 {[%clk 1:09:17]} 16. Qg5 {[%clk 0:45:43]} Bb7
{[%clk 1:01:19]} 17. c5 {[%clk 0:42:41]} Qd5 {[%clk 0:49:48]} 18. Qe3
{[%clk 0:37:30]} Rfd8 {[%clk 0:44:35]} 19. Rfd1 {[%clk 0:31:48]} Qd7
{[%clk 0:36:43]} 20. Ne5 {[%clk 0:31:07]} Qc7 {[%clk 0:36:04]} 21. Rac1
{[%clk 0:28:14]} b5 {[%clk 0:35:35]} 22. a4 {[%clk 0:18:13]} Nd5 {[%clk 0:33:15]}
23. Qf3 {[%clk 0:17:56]} b4 {[%clk 0:29:50]} 24. Bc4 {[%clk 0:15:36]} Nc3
{[%clk 0:27:05]} 25. Re1 {[%clk 0:08:03]} Rxd4 {[%clk 0:17:02]} 26. Nxf7
{[%clk 0:05:51]} Rf4 {[%clk 0:05:51]} 27. Qh5 {[%clk 0:05:34]} Rxc4
{[%clk 0:03:15]} 28. Nh6+ {[%clk 0:05:30]} gxh6 {[%clk 0:03:39]} 29. bxc4
{[%clk 0:05:52]} Qf4 {[%clk 0:03:56]} 30. Re3 {[%clk 0:04:50]} Rf8
{[%clk 0:03:51]} 31. Rc2 {[%clk 0:03:24]} Qf5 {[%clk 0:01:05]} 32. Rg3+
{[%clk 0:02:40]} Kh8 {[%clk 0:01:21]} 33. Qxf5 {[%clk 0:01:33]} Rxf5
{[%clk 0:01:45]} 34. Rd2 {[%clk 0:01:56]} Rf8 {[%clk 0:01:48]} 35. Re3
{[%clk 0:01:33]} Nxa4 {[%clk 0:00:57]} 36. Ra2 {[%clk 0:01:08]} Nxc5
{[%clk 0:01:12]} 37. Rxa7 {[%clk 0:01:29]} Rd8 {[%clk 0:01:24]} 38. Kf1
{[%clk 0:01:32]} Rd4 {[%clk 0:01:38]} 39. Re5 {[%clk 0:01:02]} Rxc4
{[%clk 0:01:50]} 40. Rxc5 {[%clk 0:30:50]} Rxc5 {[%clk 0:32:10]} 41. Rxb7
{[%clk 0:31:19]} Rb5 {[%clk 0:30:21]} 42. Rxb5 {[%clk 0:31:01]} cxb5
{[%clk 0:30:49]} 43. Ke2 {[%clk 0:31:16]} Kg7 {[%clk 0:31:14]} 44. Kd2
{[%clk 0:31:16]} Kf6 {[%clk 0:31:38]} 45. Kc2 {[%clk 0:31:23]} Ke5
{[%clk 0:31:43]} 46. Kb3 {[%clk 0:31:49]} Kd5 {[%clk 0:23:41]} 47. Kxb4
{[%clk 0:32:14]} Kc6 {[%clk 0:24:06]} 48. f4 {[%clk 0:30:22]} h5 {[%clk 0:24:25]}
49. g3 {[%clk 0:30:34]} h4 {[%clk 0:23:54]} 50. g4 {[%clk 0:30:35]} h3
{[%clk 0:23:47]} 51. f5 {[%clk 0:26:34]} exf5 {[%clk 0:18:02]} 52. gxf5
{[%clk 0:26:59]} Kd5 {[%clk 0:18:07]} 53. Kxb5 {[%clk 0:26:38]} Ke5
{[%clk 0:18:26]} 54. Kc4 {[%clk 0:26:57]} Kxf5 {[%clk 0:18:48]} 55. Kd3
{[%clk 0:27:15]} Kf4 {[%clk 0:18:17]} 56. Ke2 {[%clk 0:27:43]} Ke4
{[%clk 0:17:29]} 57. Kf2 {[%clk 0:28:07]} Kf4 {[%clk 0:17:45]} 58. Ke2
{[%clk 0:28:34]} Ke4 {[%clk 0:17:53]} 1/2-1/2